000 00714nam a2200265 i 4500
001 C2-0266192
003 PPAK
005 20180727233857.0
008 050719s2004 nyua|||| ||||| | eng d
020 _a0736422242
040 _aPPAK
_beng
_cPPAK
_erda
082 0 4 _a428.6
_223
090 0 0 _a428.6
_bMAG
_dK
100 1 _aMagon, James,
_eauthor
245 1 0 _aShowdown !
264 1 _aNew York :
_bRandom House ,
_c2004
300 _a[16 pages] :
_bcolour illustrations ;
_c20 cm
336 _2rdacontent
_atext
337 _2rdamedia
_aunmediated
338 _2rdacarrier
_avolume
490 1 _aDisney's home on the range
650 1 0 _aReaders.
830 0 _aDisney's home on the range
942 _ddc
_cB
999 _c75530
_d75530